<?xml version="1.0" encoding="UTF-8"?><?xml-stylesheet type="text/xsl" href="static/style.xsl"?><OAI-PMH xmlns="http://www.openarchives.org/OAI/2.0/" xmlns:xsi="http://www.w3.org/2001/XMLSchema-instance" xsi:schemaLocation="http://www.openarchives.org/OAI/2.0/ http://www.openarchives.org/OAI/2.0/OAI-PMH.xsd"><responseDate>2026-04-28T22:57:13Z</responseDate><request verb="GetRecord" identifier="oai:repisalud.isciii.es:20.500.12105/22823" metadataPrefix="marc">https://repisalud.isciii.es/rest/oai/request</request><GetRecord><record><header><identifier>oai:repisalud.isciii.es:20.500.12105/22823</identifier><datestamp>2024-09-22T05:50:08Z</datestamp><setSpec>com_20.500.12105_15322</setSpec><setSpec>com_20.500.12105_2051</setSpec><setSpec>col_20.500.12105_16967</setSpec></header><metadata><record xmlns="http://www.loc.gov/MARC21/slim" xmlns:dcterms="http://purl.org/dc/terms/" xmlns:doc="http://www.lyncode.com/xoai" xmlns:xsi="http://www.w3.org/2001/XMLSchema-instance" xsi:schemaLocation="http://www.loc.gov/MARC21/slim http://www.loc.gov/standards/marcxml/schema/MARC21slim.xsd">
   <leader>00925njm 22002777a 4500</leader>
   <datafield ind2=" " ind1=" " tag="042">
      <subfield code="a">dc</subfield>
   </datafield>
   <datafield ind2=" " ind1=" " tag="720">
      <subfield code="a">Lopez-Gonzalez, Angela</subfield>
      <subfield code="e">author</subfield>
   </datafield>
   <datafield ind2=" " ind1=" " tag="720">
      <subfield code="a">Grases, Felix</subfield>
      <subfield code="e">author</subfield>
   </datafield>
   <datafield ind2=" " ind1=" " tag="720">
      <subfield code="a">Mari, Bartolome</subfield>
      <subfield code="e">author</subfield>
   </datafield>
   <datafield ind2=" " ind1=" " tag="720">
      <subfield code="a">Tomas-Salva, Matias</subfield>
      <subfield code="e">author</subfield>
   </datafield>
   <datafield ind2=" " ind1=" " tag="720">
      <subfield code="a">Rodríguez, Adrián</subfield>
      <subfield code="e">author</subfield>
   </datafield>
   <datafield ind2=" " ind1=" " tag="260">
      <subfield code="c">2019</subfield>
   </datafield>
   <datafield ind2=" " ind1=" " tag="520">
      <subfield code="a">Background/aim: This study was designed to evaluate the relationship between urinary phytate concentration and risk of fracture at 10 years, determined by using the FRAX model, in women who had undergone menopause within 5 years of the time of enrollment. Materials and methods: Of the 212 postmenopausal women evaluated, 69 were excluded because they had urinary phytate concentrations between 0.51 and 0.99 mg/L. Of the remaining 143 women, 91 had low (&lt;= 0.50 mg/L) and 52 had high (>= 1.0 mg/L) urinary phytate concentrations. The 10-year risk of fracture was calculated by using the FRAX model. Results: The risks of major osteoporotic fracture and hip fracture were higher in women with low urinary phytate levels (P &lt; 0.001 in both cases). Evaluation of the risk of hip fracture in women with and without risk factors for osteoporosis (e.g., tobacco, alcohol, and drug consumption) and according to urinary phytate concentrations indicated that, among women with no risk factors, those with low and high urinary phytate levels had a range of risks of 0%-0.6% and 0%-0.3%, respectively (P = 0.098). Moreover, among women with at least one risk factor, those with low and high urinary phytate had a range of risks of 0.1%-0.8% and 0.1%-0.4%, respectively (P = 0.002). Similar results were observed when the risks of major osteoporotic fracture were analyzed. Conclusion: These results indicate the relationship of phytate with the risks of major osteoporotic fracture and hip fracture, with these differences being more marked in women with risk factors for osteoporosis. From this study follows the importance of the consumption of phytate-rich products (nuts, legumes, whole cereals) to protect against the risk of fracture in 10 years, mainly in women with risk factors for osteoporosis.</subfield>
   </datafield>
   <datafield ind1="8" ind2=" " tag="024">
      <subfield code="a">Lopez-Gonzalez Angela, Grases Felix, Mari Bartolome, Tomas Salva Matias, Rodriguez Adrian. Urinary phytate concentration and risk of fracture determined by the FRAX index in a group of postmenopausal women. Turk J Med Sci. 2019;49(2):458-463.</subfield>
   </datafield>
   <datafield ind1="8" ind2=" " tag="024">
      <subfield code="a">1300-0144</subfield>
   </datafield>
   <datafield ind1="8" ind2=" " tag="024">
      <subfield code="a">http://hdl.handle.net/20.500.13003/8940</subfield>
   </datafield>
   <datafield ind1="8" ind2=" " tag="024">
      <subfield code="a">https://hdl.handle.net/20.500.12105/22823</subfield>
   </datafield>
   <datafield ind1="8" ind2=" " tag="024">
      <subfield code="a">30862150</subfield>
   </datafield>
   <datafield ind1="8" ind2=" " tag="024">
      <subfield code="a">10.3906/sag-1806-117</subfield>
   </datafield>
   <datafield ind1="8" ind2=" " tag="024">
      <subfield code="a">1303-6165</subfield>
   </datafield>
   <datafield ind1="8" ind2=" " tag="024">
      <subfield code="a">Turkish Journal of Medical Sciences</subfield>
   </datafield>
   <datafield ind1="8" ind2=" " tag="024">
      <subfield code="a">2-s2.0-85065117559</subfield>
   </datafield>
   <datafield ind1="8" ind2=" " tag="024">
      <subfield code="a">465264700002</subfield>
   </datafield>
   <datafield ind1="8" ind2=" " tag="024">
      <subfield code="a">L2001930673</subfield>
   </datafield>
   <datafield tag="653" ind2=" " ind1=" ">
      <subfield code="a">Phytate</subfield>
   </datafield>
   <datafield tag="653" ind2=" " ind1=" ">
      <subfield code="a">Postmenopausal women</subfield>
   </datafield>
   <datafield tag="653" ind2=" " ind1=" ">
      <subfield code="a">Fracture risk</subfield>
   </datafield>
   <datafield tag="653" ind2=" " ind1=" ">
      <subfield code="a">FRAX index</subfield>
   </datafield>
   <datafield tag="653" ind2=" " ind1=" ">
      <subfield code="a">Hip fracture</subfield>
   </datafield>
   <datafield ind2="0" ind1="0" tag="245">
      <subfield code="a">Urinary phytate concentration and risk of fracture determined by the FRAX index in a group of postmenopausal women</subfield>
   </datafield>
</record></metadata></record></GetRecord></OAI-PMH>